000 00496nam a22002177a 4500
003 UA-OsUOA
001 38350
007 ta
008 20060504b un ||||| |||| 00| 0 ukr d
100 _aТкаченко Сергій
090 _a32
_bТ11
942 _cSA
040 _aUA-OsUOA
_bukr
_cUA-OsUOA
_dUA-OsUOA
245 _aДе Кучма - там голод?
300 _a2 с.
955 _a0
041 _aukr
080 _a32
773 0 _w38349
650 7 _a32 Політика
_2UDC
999 _c324517
_d324517